| 000 | 00945nam a2200241 a 4500 | ||
|---|---|---|---|
| 001 | 40064 | ||
| 003 | BD-RjUL | ||
| 005 | 20211209053128.0 | ||
| 008 | 160421s1968 BG |||| |||| 001 0 ben d | ||
| 020 | _c:Tk. 12.00 | ||
| 035 | _a(BD-RjUL)40179 | ||
| 040 |
_aBD-RjUL _bben _cBD-RjUL |
||
| 041 | _aben | ||
| 082 |
_223 _a891.44092 _bSHA 1968 |
||
| 100 |
_aশামসুদ্দীন, আবুল কালাম _9123374 |
||
| 245 | 1 | 0 |
_aঅতীত দিনের স্মৃতি / _cআবুল কালাম শামসুদ্দীন |
| 260 |
_aঢাকা : _bনওরোজ কিতাবিস্তান, _c১৯৬৮ |
||
| 300 |
_a[১০] ৪৮১ পৃ. ; _c২৬ সেমি. |
||
| 500 | _aনির্ঘন্ট সংযুক্ত | ||
| 600 |
_aশামসুদ্দীন, আবুল কালাম _9123430 |
||
| 650 |
_aAuthors, Bengali _zBangladesh _xBiography. _9123431 |
||
| 942 |
_2ddc _cBK |
||
| 999 |
_c40064 _d40064 |
||